| 000 | 00847nam a22001937a 4500 | ||
|---|---|---|---|
| 003 | BD-DhUL | ||
| 005 | 20161101092624.0 | ||
| 008 | 161027s1978 ii a|||| |||| 000 0 ben d | ||
| 040 |
_aBD-DhUL _cBD-DhUL |
||
| 082 |
_a898.9 _bMOD |
||
| 100 | 1 | _aমর্টন, উইলিয়াম | |
| 245 | 1 | 0 |
_aদৃষ্টান্ত বাক্য সংগ্রহ / _cউইলিয়াম মর্টন, সম্পা. বরুণকুমার চক্রবতী |
| 260 |
_aকলকাতা : _bঅর্পণা বুক, _c১৯৭৮. |
||
| 300 |
_a[১৬], ২১৮ পৃ. ; _b২২ সে. মি. |
||
| 650 | 0 | _2আমেরিকান সাহিত্য ইতিহাস | |
| 650 | 0 | _2The history of American literature | |
| 700 | 1 | _aচক্রবতী, বরুণকুমার | |
| 942 |
_2ddc _cBK |
||
| 999 |
_c118484 _d118484 |
||